00932nam a22002297a 450000500170000001000110001702000100002803500110003803700160004904000120006508200160007724502170009326000410031027000570035130000380040865000200044665000390046670000270050594200250053299900190055795201260057620170124110243.0 a712704 c00.00 a712704 bCen Lib/Ret aDPLbEN a954.01bMOH aMohenjo-daro and the idus civilization :cedited by John Marshall bbeing an official acoount of archaelogical excavations at Mohenjo-daro carried aout by the government of India between the years 1922 and 1927 / aDelhibIndological Book House c1973 bDelhia308/5, Shahzada Bagh, Old Rohak Road e110007 avarious pagings :c28cm(Hb)bill. aHistory 996074 aMohen-jodaro civilizations 996075 aMarshall, John 996076 2ddccENh954.01mMOH c135306d135306 001040718REFaLbLd2015-10-05eCen Lib/Refg0.00l0o954.01 MOHp712704r2015-10-05 00:00:00t1v0.00w2015-10-05yEN